विश्व के हरएक देश - Statistics

General Stats
  • This quiz has been taken 60 times
  • The average score is 18 of 196
Answers on the Map
Answers color-coded by a green-red scale on the quiz's map according to % correct below.
 
Answer Stats
Hint Hint Country % Correct
143 66 कनाडा
54%
615.0 140.9 चीन
46%
153 129 अमेरिका के संयुक्त राज्य
46%
151.0 182.0 मेक्सिको
39%
535.7 164.2 पाकिस्तान
34%
693.3 140.0 जापान
32%
569.8 166.5 नेपाल
29%
577 52 रूस
29%
266 294 ब्राज़ील
27%
501.3 152.5 ईरान
27%
583.0 181.8 बांग्लादेश
24%
198 232.5 पनामा
24%
447.0 171.3 मिस्र
22%
478.8 149.9 इराक
22%
425.5 124.0 अल्बानिया
20%
584.1 169.4 भूटान
20%
206.0 190.2 क्यूबा
20%
556 185.9 भारात
20%
208 292 पेरु
20%
443.4 81.2 बेलारूस
17%
180.9 203.6 बेलीज़
17%
385.7 225.0 बेनिन
17%
218 196 हैती
17%
416.4 124.2 इटली
17%
206 200.2 इटली
17%
465.8 259.9 केन्या
17%
610.3 194.9 लाओस
17%
419.3 172.9 लीबिया
17%
377 202.2 माली
17%
509.33 187.2 ओमान
17%
448.5 209.5 सूडान
17%
460.3 130.6 तुर्की
17%
218 384 चिली
15%
401.5 73.5 डेनमार्क
15%
242.4 209.5 डोमिनिका
15%
404.0 89.9 जर्मनी
15%
177.4 210.0 ग्वाटेमाला
15%
635.5 264 इंडोनेशिया
15%
434.3 76.3 लिथुआनिया
15%
488 230 सोमालिया
15%
254.4 248.1 स्वीडन
15%
414.3 60.5 स्वीडन
15%
383.0 232.4 टोगो
15%
488.3 208.2 यमन
15%
528.0 149.2 अफ़ग़ानिस्तान
12%
384.2 167.2 अल्जीरिया
12%
420.0 301.2 अंगोला
12%
683.0 342.0 ऑस्ट्रेलिया
12%
246.5 217.0 बारबाडोस
12%
236.0 319.0 बोलीविया
12%
597.0 188.5 म्यांमार
12%
192.0 228.0 कोस्टा रीका
12%
470.0 234.2 इथियोपिया
12%
430 129 यूनान
12%
248 242 गयाना
12%
363.0 82.5 आयरलैंड
12%
427.5 118.5 कोसोवो
12%
610.3 247.2 म्यान्मार
12%
614.2 104.1 मंगोलिया
12%
188.2 218.1 निकारागुआ
12%
401.7 57 नॉर्वे
12%
423.6 87.1 पोलैंड
12%
361.7 127.6 पुर्तगाल
12%
436.7 107.1 रोमानिया
12%
347 212 सेनेगल
12%
614.2 256.7 सिंगापुर
12%
669 139 दक्षिण कोरिया
12%
652.9 182.1 ताइवान
12%
608.0 207.9 थाईलैंड
12%
450.6 96.0 यूक्रेन
12%
433.0 267.2 कांगो लोकतान्त्रिक गणराज्य
12%
480.5 125.0 आर्मीनिया
10%
414.2 100.9 ऑस्ट्रिया
10%
391.0 91.0 बेल्जियम
10%
437.8 117.9 बुल्गारिया
10%
377.0 219.0 बुर्किना फासो
10%
407.0 247.0 कैमरून
10%
418.0 108.0 क्रोएशिया
10%
414.0 93.8 चेक गणतंत्र
10%
479 120 जॉर्जिया
10%
378.2 234.5 घाना
10%
353.3 224.2 गिनी
10%
424.4 103.1 हंगरी
10%
438.0 70.6 लातविया
10%
461.7 146.8 लेबनान
10%
444.0 360.5 लेसोथो
10%
359.2 239.6 लाइबेरिया
10%
545.9 248.9 मालदीव
10%
418 328 नामीबिया
10%
665.7 127 उत्तर कोरिया
10%
447.8 267.7 रवांडा
10%
427.6 113.0 सर्बिया
10%
423.0 98.0 स्लोवाकिया
10%
413.0 106.5 स्लोवेनिया
10%
467.0 143.0 सीरिया
10%
798.1 328.7 टोंगा
10%
401 148 ट्यूनीशिया
10%
502.0 182.5 संयुक्त अरब अमीरात
10%
254.9 370.2 उरुग्वे
10%
624.3 219.9 वियतनाम
10%
422.6 209.4 चैड
7%
476.4 221.6 जिबूती
7%
204.0 265.5 इक्वेडोर
7%
437 52 फिनलैंड
7%
386 105 फ़्रान्स
7%
344 216 गाम्बिया
7%
241.6 220.6 ग्रेनाडा
7%
347.7 220.3 गिनी-बिसाऊ
7%
487.0 162.9 कुवैत
7%
456.0 307.0 मालावी
7%
397.2 114.5 मोनाको
7%
366.0 153.5 मोरक्को
7%
393 86.9 नीदरलैंड
7%
545.2 133.5 ताजिकिस्तान
7%
459.1 282.5 तंजानिया
7%
513.0 130.6 तुर्कमेनिस्तान
7%
453.1 256.6 युगांडा
7%
377 86 संयुक्त राज्य
7%
525 122.5 उज़्बेकिस्तान
7%
232 235 वेनेजुएला
7%
438 310 ज़ाम्बिया
7%
447.0 325.0 जिम्बाब्वे
7%
435.0 336.1 बोत्स्वाना
5%
427.6 239.0 मध्य अफ्रीकन गणराज्य
5%
216.3 247.5 कोलोंबिया
5%
439.0 64.8 एस्तोनिया
5%
717.7 235.2 माइक्रोनेशिया के संघीकृत राज्य
5%
782.9 320.1 फ़िजी
5%
406.5 264 गबोन
5%
21.0 272.0 किरिबाती
5%
486.0 324.3 मेडागास्कर
5%
412.9 141.1 माल्टा
5%
776.7 391.9 न्यूज़ीलैंड
5%
657 220.6 फिलीपींस
5%
482.1 179.9 सऊदी अरब
5%
398.4 103.5 स्विट्ज़रलैंड
5%
242.5 226.6 त्रिनिदाद और टोबैगो
5%
234.0 373.0 आर्जेंटीना
2%
487.6 125.0 आज़रबाइजान
2%
494.3 174.0 बहरीन
2%
638.6 246.1 ब्रूनेई
2%
447.8 272.6 बुरुन्डी
2%
221 197 डोमिनिकन गणराज्य
2%
664.3 290.8 पूर्वी तिमोर
2%
404.0 255.8 भूमध्यरेखीय गिनी
2%
459.0 157.0 इज़राइल
2%
533.0 100.0 कज़ाख़िस्तान
2%
429.5 121.7 उत्तर मैसेडोनिया
2%
760.6 232.2 मार्शल द्वीपसमूह
2%
444.4 102.0 मॉल्डोवा
2%
756.2 263.4 नाउरु
2%
248.9 339.7 पैराग्वे
2%
495.7 176.2 क़तर
2%
416.9 260.5 कांगो गणराज्य
2%
431 365 दक्षिण अफ़्रीका
2%
449.6 239.5 दक्षिणी सूडान
2%
372 127.5 दक्षिणी सूडान
2%
562 235.3 दक्षिणी सूडान
2%
384.0 118.7 अण्डोरा
0%
241.4 204.0 अंतिगुया और बार्बूडा
0%
209.0 180.9 बहामस
0%
616.0 219.1 कम्बोडिया
0%
326.7 206.9 केप वर्दे
0%
479.4 301.4 कोमोरोज
0%
368.0 235.9 आईवरी कोस्ट
0%
455.3 143.7 सायप्रस
0%
180.4 215.0 एल सेल्वडॉर
0%
466.3 209.2 इरित्रिया
0%
184.5 210.7 हॉण्डूरास
0%
341 43 आइसलैण्ड
0%
462.3 158.9 जार्डन
0%
548.0 122.0 किर्ग़िज़स्तान
0%
402.0 103.1 लिख्टेंश्टाइन
0%
394.3 94.2 लक्ज़मबर्ग
0%
354 195.5 मॉरीतानिया
0%
510.1 329.1 मॉरिशस
0%
423.7 117.8 माँटेनीग्रो
0%
467 309.5 मोजा़म्बीक
0%
403.3 203.9 नाईगर
0%
398.0 230.8 नाईजीरिया
0%
680.5 241.3 पालाउ
0%
703.7 282.4 पापुआ न्यू गीनि
0%
239.4 203.4 सेंट किट्स और नेविस
0%
243.2 214.6 सेण्ट लूसिया
0%
242.7 216.8 सेण्ट विन्सेण्ट और ग्रेनाडाइन्स
0%
802.8 307.7 सामोआ
0%
408.5 113.9 सान मारिनो
0%
395.5 260.6 साओ तोमे और प्रिन्सिपी
0%
505.5 277.0 सेशाइल्स
0%
354.0 232.9 सियरा लियोन
0%
742.1 295.0 सोलोमन द्वीप
0%
451.3 350.1 स्वाज़ीलैण्ड
0%
804.5 282.8 तुवालु
0%
755.5 318.6 वानूआतू
0%
408.5 120.7 वैटिकन नगर
0%
421.0 113.0 बॉस्निया और हर्ज़ेगोविना
0%
No matching quizzes found
Score Distribution
Percent of People with Each Score
Percentile by Number Answered
Your Score History
You have not taken this quiz